[Event "DEN-chT 1011 49th"]
[Site "Denmark"]
[Date "2011.02.20"]
[Round "7.5"]
[White "Wiwe, Andreas"]
[Black "Hagen, Andreas Skytte"]
[Result "1/2-1/2"]
[WhiteElo "2255"]
[BlackElo "2290"]
[PlyCount "97"]
[EventDate "2010.11.06"]
[EventType "team-tourn"]
[EventRounds "9"]
[EventCountry "DEN"]
[SourceTitle "EXT 2012"]
[Source "ChessBase"]
[SourceDate "2011.11.24"]
[SourceVersion "1"]
[SourceVersionDate "2011.11.24"]
[SourceQuality "1"]
[WhiteTeam "Jetsmark"]
[BlackTeam "Valby K41"]
[WhiteTeamCountry "DEN"]
[BlackTeamCountry "DEN"]

1. d4 Nf6 2. c4 g6 3. Nc3 d5 4. cxd5 Nxd5 5. e4 Nxc3 6. bxc3 Bg7 7. Be3 c5 8. Nf3 Qa5 9. Qd2 0-0 10. Rc1 Rd8 11. Bc4 cxd4 12. cxd4 Qxd2+ 13. Bxd2 Nc6 14. d5 Nd4 15. Nxd4 Bxd4 16. Bb4 Kf8 17. 0-0 Bd7 18. Bc3 Bxc3 19. Rxc3 Rac8 20. Rfc1 e5 21. f3 Rc5 22. Bb3 Rxc3 23. Rxc3 Rc8 24. Rxc8+ Bxc8 25. Kf2 Ke7 26. Ke3 Kd6 27. Kd3 Kc5 28. Kc3 f5 29. Bd1 b5 30. a3 a5 31. Bc2 Bd7 32. Bd1 h6 33. Bc2 Bc8 34. Bd1 Ba6 35. Bc2 f4 36. Bd3 Bc8 37. Be2 Bd7 38. Bd3 g5 39. Be2 h5 40. h3 Be8 41. Bf1 Bf7 42. Be2 Bg6 43. Bd3 Be8 44. Bf1 Bd7 45. Be2 Bc8 46. Bd1 Bd7 47. Be2 Bc8 48. Bd1 Bd7 49. Be2 1/2-1/2

[Event "DEN-chT 1011 49th"]
[Site "Denmark"]
[Date "2011.01.30"]
[Round "6.5"]
[White "Pedersen, Svend"]
[Black "Wiwe, Andreas"]
[Result "0-1"]
[WhiteElo "2214"]
[BlackElo "2255"]
[PlyCount "80"]
[EventDate "2010.11.06"]
[EventType "team-tourn"]
[EventRounds "9"]
[EventCountry "DEN"]
[SourceTitle "EXT 2012"]
[Source "ChessBase"]
[SourceDate "2011.11.24"]
[SourceVersion "1"]
[SourceVersionDate "2011.11.24"]
[SourceQuality "1"]
[WhiteTeam "Norresundby"]
[BlackTeam "Jetsmark"]
[WhiteTeamCountry "DEN"]
[BlackTeamCountry "DEN"]

1. e4 e5 2. Nf3 Nc6 3. Be2 Nf6 4. d3 d5 5. Nbd2 Bc5 6. c3 0-0 7. b4 Bd6 8. a3 Ne7 9. Bb2 Ng6 10. Qc2 c6 11. h3 Qe7 12. g3 Bd7 13. Nf1 a5 14. Ne3 Rfe8 15. Nd2 Bc7 16. Bf3 dxe4 17. dxe4 c5 18. bxc5 Qxc5 19. Bg2 h5 20. h4 Ng4 21. Ndf1 Nf6 22. Nd2 Be6 23. 0-0 Red8 24. c4 Rac8 25. Rac1 Bb6 26. Qc3 Qf8 27. Qb3 Nd7 28. Nd5 Bc5 29. Qb5 b6 30. a4 Ne7 31. Kh2 Nc6 32. Bh3 Qd6 33. Rfd1 Bxf2 34. Nf3 Nd4 35. Nxd4 exd4 36. Rd3 Ne5 37. Ba3 Rc5 38. Bxc5 bxc5 39. Rb3 d3 40. Nf4 d2 0-1

[Event "DEN-chT 1011 49th"]
[Site "Denmark"]
[Date "2010.12.05"]
[Round "3.5"]
[White "Bekker Jensen, David"]
[Black "Wiwe, Andreas"]
[Result "0-1"]
[WhiteElo "2335"]
[BlackElo "2255"]
[PlyCount "72"]
[EventDate "2010.11.06"]
[EventType "team-tourn"]
[EventRounds "9"]
[EventCountry "DEN"]
[SourceTitle "EXT 2012"]
[Source "ChessBase"]
[SourceDate "2011.11.24"]
[SourceVersion "1"]
[SourceVersionDate "2011.11.24"]
[SourceQuality "1"]
[WhiteTeam "Bronshoj"]
[BlackTeam "Jetsmark"]
[WhiteTeamCountry "DEN"]
[BlackTeamCountry "DEN"]

1. d4 Nf6 2. c4 e6 3. Nc3 Bb4 4. e3 b6 5. Nge2 c5 6. a3 Ba5 7. Rb1 Na6 8. d5 Bb7 9. g3 b5 10. b4 cxb4 11. Nxb5 bxa3+ 12. Bd2 0-0 13. Nd6 Nc5 14. Nc3 Ba6 15. Ncb5 a2 16. Rb2 Bxd2+ 17. Rxd2 Bxb5 18. Nxb5 a1Q 19. Qxa1 Nb3 20. Qa2 Nxd2 21. Qxd2 a6 22. Nc3 Qa5 23. d6 Qa1+ 24. Ke2 Rab8 25. Bg2 Qa3 26. Nb1 Qc5 27. Qd4 Rfc8 28. Nd2 Rb6 29. Qxc5 Rxc5 30. e4 e5 31. f4 Ne8 32. fxe5 Rxe5 33. Nf3 Rxe4+ 34. Kd3 Nxd6 35. Nd2 Re5 36. Kd4 Re2 0-1

[Event "DEN-chT 0910 48th"]
[Site "Denmark"]
[Date "2010.01.09"]
[Round "4.6"]
[White "Wiwe, Andreas"]
[Black "Pedersen, Svend"]
[Result "1-0"]
[WhiteElo "2239"]
[BlackElo "2253"]
[PlyCount "51"]
[EventDate "2009.11.07"]
[EventType "team-tourn"]
[EventRounds "9"]
[EventCountry "DEN"]
[SourceTitle "EXT 2023"]
[Source "ChessBase"]
[SourceDate "2022.10.05"]
[SourceVersion "1"]
[SourceVersionDate "2022.10.05"]
[SourceQuality "1"]
[WhiteTeam "Jetsmark"]
[BlackTeam "Norresundby"]
[WhiteTeamCountry "DEN"]
[BlackTeamCountry "DEN"]

1. e4 d6 2. d4 g6 3. Nc3 Bg7 4. f4 c6 5. Nf3 b5 6. Bd3 a6 7. a4 Bb7 8. e5 Nd7 9. Ne4 Qc7 10. 0-0 Nh6 11. Neg5 Nf8 12. Qe2 0-0-0 13. axb5 axb5 14. Bd2 Qd7 15. c4 bxc4 16. Bxc4 d5 17. Ba6 f6 18. e6 Qc7 19. Ba5 Bxa6 20. Qxa6+ Qb7 21. Qxb7+ Kxb7 22. Bxd8 fxg5 23. Bxe7 Nxe6 24. fxg5 Ng4 25. Rfe1 Nxd4 26. Bc5 1-0